书目信息 |
| 题名: |
水利工程施工测量
|
|
| 作者: | 穆创国 主编 | |
| 分册: | ||
| 出版信息: | 北京 中国水利水电出版社 2010 |
|
| 页数: | 252页 | |
| 开本: | 26cm | |
| 丛书名: | ||
| 单 册: | ||
| 中图分类: | TV221.1 , TV22 | |
| 科图分类: | ||
| 主题词: | 水利工程测量--高等职业教育--教材 , 水利工程测量 , 水利工程--设计 | |
| 电子资源: | ||
| ISBN: | 978-7-5084-7811-1 | |
| 000 | 01128nam0 2200265 450 | |
| 001 | 2329920083 | |
| 005 | 20231129081903.03 | |
| 010 | @a978-7-5084-7811-1@dCNY35.00 | |
| 100 | @a20101109d2010 em y0chiy50 ea | |
| 101 | 0 | @achi |
| 102 | @aCN@b110000 | |
| 105 | @aa z 000yy | |
| 200 | 1 | @a水利工程施工测量@Ashui li gong cheng shi gong ce liang@f穆创国主编@g《水利工程施工测量》课程建设团队主编 |
| 210 | @a北京@c中国水利水电出版社@d2010 | |
| 215 | @a252页@c图@d26cm | |
| 300 | @a“国家示范性高等职业院校建设计划项目”中央财政支持重点建设专业 杨凌职业技术学院水利水电建筑工程专业课程改革系列教材 | |
| 330 | @a本书内容包括:施工点的测设、全站仪的使用、厂房的施工测设、渠道的施工测设、施工道路与桥梁的施工测设、管道的施工测设、输电线路的施工测设、水利枢纽施工控制网测设、大坝的施工测量、设备安装的施工测设、隧洞的施工测设、污水处理构筑物的施工测设、施工测量管理等。 | |
| 606 | 0 | @a水利工程测量@x高等职业教育@j教材 |
| 606 | 0 | @a水利工程测量 |
| 606 | 0 | @a水利工程@x设计 |
| 690 | @aTV221.1@v5 | |
| 690 | @aTV22@v4 | |
| 701 | 0 | @a穆创国@Amu chuang guo@4主编 |
| 801 | 0 | @aCN@b山东中教@c20231126 |
| 905 | @aBZT@dTV22@e5 | |
| 水利工程施工测量/穆创国主编/《水利工程施工测量》课程建设团队主编.-北京:中国水利水电出版社,2010 |
| 252页:图;26cm |
| “国家示范性高等职业院校建设计划项目”中央财政支持重点建设专业 杨凌职业技术学院水利水电建筑工程专业课程改革系列教材 |
| ISBN 978-7-5084-7811-1:CNY35.00 |
| 本书内容包括:施工点的测设、全站仪的使用、厂房的施工测设、渠道的施工测设、施工道路与桥梁的施工测设、管道的施工测设、输电线路的施工测设、水利枢纽施工控制网测设、大坝的施工测量、设备安装的施工测设、隧洞的施工测设、污水处理构筑物的施工测设、施工测量管理等。 |
| ● |
| 相关链接 |
|
|
|
正题名:水利工程施工测量
索取号:TV22/5
 
预约/预借
| 序号 | 登录号 | 条形码 | 馆藏地/架位号 | 状态 | 备注 |
| 1 | 2001138923 | 2001138923 | 中教(第二批第二书库)/山东中教(第二批)/395/ [索取号:TV22/5] | 在馆 | |
| 2 | 2001138924 | 2001138924 | 中教(第二批第二书库)/山东中教(第二批)/395/ [索取号:TV22/5] | 在馆 | |
| 3 | 2001138925 | 2001138925 | 中教(第二批第二书库)/山东中教(第二批)/395/ [索取号:TV22/5] | 在馆 | |
| 4 | 2001138926 | 2001138926 | 中教(第二批第二书库)/山东中教(第二批)/395/ [索取号:TV22/5] | 在馆 | |
| 5 | 2001138927 | 2001138927 | 中教(第二批第二书库)/山东中教(第二批)/395/ [索取号:TV22/5] | 在馆 | |
| 6 | 2001138928 | 2001138928 | 中教(第二批第二书库)/山东中教(第二批)/395/ [索取号:TV22/5] | 在馆 | |
| 7 | 2001138929 | 2001138929 | 中教(第二批第二书库)/山东中教(第二批)/395/ [索取号:TV22/5] | 在馆 | |
| 8 | 2001138930 | 2001138930 | 中教(第二批第二书库)/山东中教(第二批)/395/ [索取号:TV22/5] | 在馆 | |
| 9 | 2001138931 | 2001138931 | 中教(第二批第二书库)/山东中教(第二批)/395/ [索取号:TV22/5] | 在馆 | |
| 10 | 2001138932 | 2001138932 | 中教(第二批第二书库)/山东中教(第二批)/395/ [索取号:TV22/5] | 在馆 | |
| 11 | 2001138933 | 2001138933 | 中教(第二批第二书库)/山东中教(第二批)/395/ [索取号:TV22/5] | 在馆 | |
| 12 | 2001138934 | 2001138934 | 中教(第二批第二书库)/山东中教(第二批)/395/ [索取号:TV22/5] | 在馆 | |
| 13 | 2001138935 | 2001138935 | 中教(第二批第二书库)/山东中教(第二批)/395/ [索取号:TV22/5] | 在馆 | |
| 14 | 2001138936 | 2001138936 | 中教(第二批第二书库)/山东中教(第二批)/395/ [索取号:TV22/5] | 在馆 | |
| 15 | 2001138937 | 2001138937 | 中教(第二批第二书库)/山东中教(第二批)/395/ [索取号:TV22/5] | 在馆 | |
| 16 | 2001138938 | 2001138938 | 中教(第二批第二书库)/山东中教(第二批)/395/ [索取号:TV22/5] | 在馆 | |
| 17 | 2001138939 | 2001138939 | 中教(第二批第二书库)/山东中教(第二批)/395/ [索取号:TV22/5] | 在馆 | |
| 18 | 2001138940 | 2001138940 | 中教(第二批第二书库)/山东中教(第二批)/395/ [索取号:TV22/5] | 在馆 | |
| 19 | 2001138941 | 2001138941 | 中教(第二批第二书库)/山东中教(第二批)/395/ [索取号:TV22/5] | 在馆 | |
| 20 | 2001138942 | 2001138942 | 中教(第二批第二书库)/山东中教(第二批)/395/ [索取号:TV22/5] | 在馆 | |
| 21 | 2001138943 | 2001138943 | 中教(第二批第二书库)/山东中教(第二批)/395/ [索取号:TV22/5] | 在馆 | |
| 22 | 2001138944 | 2001138944 | 中教(第二批第二书库)/山东中教(第二批)/395/ [索取号:TV22/5] | 在馆 | |
| 23 | 2001138945 | 2001138945 | 中教(第二批第二书库)/山东中教(第二批)/395/ [索取号:TV22/5] | 在馆 | |
| 24 | 2001139661 | 2001139661 | 中教(第二批第二书库)/山东中教(第二批)/414/ [索取号:TV22/5] | 在馆 | |
| 25 | 2001139662 | 2001139662 | 中教(第二批第二书库)/山东中教(第二批)/414/ [索取号:TV22/5] | 在馆 | |
| 26 | 2001139663 | 2001139663 | 中教(第二批第二书库)/山东中教(第二批)/414/ [索取号:TV22/5] | 在馆 | |
| 27 | 2001139664 | 2001139664 | 中教(第二批第二书库)/山东中教(第二批)/414/ [索取号:TV22/5] | 在馆 | |
| 28 | 2001139665 | 2001139665 | 中教(第二批第二书库)/山东中教(第二批)/414/ [索取号:TV22/5] | 在馆 | |
| 29 | 2001139666 | 2001139666 | 中教(第二批第二书库)/山东中教(第二批)/414/ [索取号:TV22/5] | 在馆 | |
| 30 | 2001139667 | 2001139667 | 中教(第二批第二书库)/山东中教(第二批)/414/ [索取号:TV22/5] | 在馆 |